Tintin - Personnages de L'Île Noire - Mort subite - Statistiques

Statistiques générales
  • Ce quiz a été pris 164 fois
  • Le résultat moyen est 3 sur 7
Answers on the Grid
Answers color-coded by a green-red scale on the quiz's grid according to % correct below.
Le capitaine Archibald Haddock
Dupond et Dupont
Le professeur Tryphon Tournesol
Bianca Castafiore
Roberto Rastapopoulos
Le général Alcazar
Nestor
Séraphin Lampion
Allan Thompson
Le docteur J.W. Muller
Jean-Loup de la Batellerie
Herbert Dawes
Ranko
T.W. Stewart
Baxter
Spalding
Walter Rizotto
Wronzoff
Mik Ezdanitoff
Igor Wagner
 
Statistiques - réponses
Réponse % Correct
Dupond et Dupont
89%
Le docteur J.W. Muller
72%
Ranko
66%
Wronzoff
41%
T.W. Stewart
28%
Jean-Loup de la Batellerie
17%
Walter Rizotto
17%
Aucun quiz correspondant
Distribution des résultats
% des personnes avec chaque résultat
Percentile par nombre de réponses
Votre historique - résultats
Vous n’avez pas pris ce quiz